Coopérations civiles israélo-palestiniennes (notice n° 1640767)
[ vue normale ]
| 000 -LEADER | |
|---|---|
| fixed length control field | 00697cam a2200157 4500500 |
| 005 - DATE AND TIME OF LATEST TRANSACTION | |
| control field | 20260201094500.0 |
| 041 ## - LANGUAGE CODE | |
| Language code of text/sound track or separate title | fre |
| 042 ## - AUTHENTICATION CODE | |
| Authentication code | dc |
| 100 10 - MAIN ENTRY--PERSONAL NAME | |
| Personal name | Bronchtein, Ofer |
| Relator term | author |
| 245 00 - TITLE STATEMENT | |
| Title | Coopérations civiles israélo-palestiniennes |
| 260 ## - PUBLICATION, DISTRIBUTION, ETC. | |
| Date of publication, distribution, etc. | 2005.<br/> |
| 500 ## - GENERAL NOTE | |
| General note | 70 |
| 520 ## - SUMMARY, ETC. | |
| Summary, etc. | Malgré la construction d’un mur dit « de protection », malgré les attentats, des individus et des associations d’Israël et de Palestine travaillent ensemble pour favoriser les échanges et encourager la réconciliation. |
| 786 0# - DATA SOURCE ENTRY | |
| Note | Revue Projet | 289 | 6 | 2005-06-01 | p. 13-19 | 0033-0884 |
| 856 41 - ELECTRONIC LOCATION AND ACCESS | |
| Uniform Resource Identifier | <a href="https://shs.cairn.info/revue-projet-2005-6-page-13?lang=fr&redirect-ssocas=7080">https://shs.cairn.info/revue-projet-2005-6-page-13?lang=fr&redirect-ssocas=7080</a> |
Pas d'exemplaire disponible.




Réseaux sociaux